Manchester United Squad 1967-1968 - Statistics

General Stats
  • This quiz has been taken 9 times
  • The average score is 10 of 23
Answer Stats
Position Nation Player % Correct
FW Scotland Denis Law
100%
FW Northern Ireland George Best
100%
MF England Sir Bobby Charlton
100%
MF England Nobby Stiles
89%
GK England Alex Stepney
67%
Coach Scotland Sir Matt Busby
67%
DF England Bill Foulkes
56%
FW England Brian Kidd
56%
DF Ireland Tony Dunne
56%
FW Scotland David Herd
44%
FW England John Aston
44%
MF Scotland Pat Crerand
44%
DF England David Sadler
33%
DF Ireland Shay Brennan
33%
MF Italy Carlo Sartori
22%
GK England Jimmy Rimmer
22%
FW England Alan Gowling
11%
DF England Bobby Noble
11%
GK England David Gaskell
11%
DF Scotland Francis Burns
11%
DF Scotland John Fitzpatrick
11%
DF Scotland Frank Kopel
0%
FW Scotland Jimmy Ryan
0%
No matching quizzes found
Score Distribution
Percent of People with Each Score
Percentile by Number Answered
Your Score History
You have not taken this quiz